Southville International School and Colleges
Your cart is empty.
  • Cart
  • Lists
    Public lists Eva Luna New books Lux_list list_1
    Your lists Log in to create your own lists
  • Log in to your account
  • Your cookies
  • Search history
Southville International School and Colleges
  • Advanced search
  • Recent comments
  • Most popular
  • Libraries

Log in to your account

Log in with GOOGLE


If you do not have an external account, but do have a local account, you can still log in:

  1. Home
  2. MARC view: Respect! :
Normal view MARC view ISBD view

Respect! : (Record no. 109854)

[ view plain ]
MARC details
000 -LEADER
fixed length control field 00613nam a2200193 a 4500
001 - CONTROL NUMBER
control field 2357
005 - DATE AND TIME OF LATEST TRANSACTION
control field 20140414131844.0
008 - FIXED-LENGTH DATA ELEMENTS--GENERAL INFORMATION
fixed length control field 050531s19uu xx 00 eng d
020 ## - INTERNATIONAL STANDARD BOOK NUMBER
International Standard Book Number 971-590-410-6
050 ## - LIBRARY OF CONGRESS CALL NUMBER
Classification number M 152.4
Item number On2 2003
100 ## - MAIN ENTRY--PERSONAL NAME
Personal name O'Neal, Ted and Jenny
245 ## - TITLE STATEMENT
Title Respect! :
Remainder of title dare to care, share, and be fair /
Statement of responsibility, etc written by Ted and Jenny O'Neil ; illustrated by R. W. Alley.
260 ## - PUBLICATION, DISTRIBUTION, ETC. (IMPRINT)
Place of publication, distribution, etc Pasay City :
Name of publisher, distributor, etc Paulines Publishing House,
Date of publication, distribution, etc 2003.
300 ## - PHYSICAL DESCRIPTION
Extent 1 v. p. : ill. ; cm.
440 ## - SERIES STATEMENT/ADDED ENTRY--TITLE
Title Elf-help books for kids
650 ## - SUBJECT ADDED ENTRY--TOPICAL TERM
Topical term or geographic name as entry element Emotions and feelings.
650 ## - SUBJECT ADDED ENTRY--TOPICAL TERM
Topical term or geographic name as entry element Attitude.
Holdings
Withdrawn status Lost status Damaged status Use restrictions Home library Current library Shelving location Date acquired Source of acquisition Total Checkouts Full call number Barcode Date last seen Price effective from Koha item type
        Munich Library Munich Library Main Section 05/31/2005     M 152.4 On2 2003 M0023 04/14/2014 04/14/2014 Books

Respect! :

APA

O'Neal T. a. J., . (2003). Respect!. Pasay City: Paulines Publishing House.

Chicago

O'Neal Ted and Jenny, . 2003. Respect!. Pasay City: Paulines Publishing House.

Harvard

O'Neal T. a. J., . (2003). Respect!. Pasay City: Paulines Publishing House.

MLA

O'Neal Ted and Jenny, . Respect!. Pasay City: Paulines Publishing House. 2003.

  • Place hold
  • Print
  • Cite
  • Add to your cart (remove)
  • Save record
    BIBTEX Dublin Core MARCXML MARC (non-Unicode/MARC-8) MARC (Unicode/UTF-8) MARC (Unicode/UTF-8, Standard) MODS (XML) RIS
  • More searches
    Search for this title in:
    Other Libraries (WorldCat) Other Databases (Google Scholar) Online Stores (Bookfinder.com) Open Library (openlibrary.org)

Exporting to Dublin Core...

SOUTHVILLE LIBRARY

Southville International School and Colleges Library

1281 Tropical Ave. Cor. Luxembourg St., BF Homes International, Las Pinas City

Tel. No. 8256374 / 252358 Loc. 117/146

Powered by Koha